| 000 | 01413nam a2200241Ia 4500 | ||
|---|---|---|---|
| 003 | Ost | ||
| 005 | 20260507075446.0 | ||
| 008 | 260507s9999||||xx |||||||||||||| ||und|| | ||
| 040 | _cfsecg | ||
| 041 | _aara | ||
| 082 | _a338.27 | ||
| 100 |
_aالتنير، سمير _eمؤلف |
||
| 245 | 0 |
_aالتطورات النفطية في الوطن العربي والعالم ماضيا وحاضرا. ج2 / _c سمير التنير |
|
| 260 |
_aبيروت: _bدار المنهل البناني, _c2008 |
||
| 300 |
_a127 صفحة؛ _bإيضاحات ؛ _c21 سم |
||
| 504 | _aبيبليوغرافيا ص.121 ملاحق ص. 123 | ||
| 520 | _aهل انتهى عصر النفط ، الخطة المستقبلية للنفط العربي ، كيف يستخرج النفط وكيف ينضب ؟ ، احتياطات النفط العربي ، احتياطات النفط العالمية ، احتياطات النفط في الوطن العربي ، الانتاج ، تقديرات السنوات التي يستمر فيها انتاج النفط في الوطن العربي ، توقعات استهلاك الطاقة في الوطن العربي 19900-2000 ، الطاقة المتجددة ، الطاقة النووية ، النفط الخام | ||
| 653 | _aالأقليات | ||
| 653 | _aالبلدان الصناعية العربية | ||
| 653 | _aالطاقة | ||
| 653 | _aالنفط | ||
| 942 | _cكتاب | ||
| 999 |
_c44585 _d44585 |
||